Distritos de Madrid en un mapa - Estadísticas

Estadísticas generales
  • Esta prueba ha sido intentada 7.426 veces
  • La puntuación promedio es 12 de 21
Respuestas en el mapa
Las respuestas están codificadas por una escala verde-roja en el mapa de la prueba según el % correcto abajo.
 
Estadísticas de respuestas
No. Distrito % Correcto
13 Puente de Vallecas
82%
1 Centro
81%
18 Villa de Vallecas
81%
9 Moncloa-Aravaca
66%
4 Salamanca
66%
5 Chamartín
65%
11 Carabanchel
62%
7 Chamberí
60%
3 Retiro
59%
8 Fuencarral-El Pardo
57%
21 Barajas
53%
12 Usera
53%
17 Villaverde
53%
10 Latina
50%
20 San Blas-Canillejas
48%
6 Tetuán
48%
15 Ciudad Lineal
46%
16 Hortaleza
46%
19 Vicálvaro
45%
2 Arganzuela
43%
14 Moratalaz
42%
No se encontraron pruebas coincidentes
Distribución de puntuación
Porcentaje de gente con cada puntuación
Porcentaje por número respondido
Historial de tus puntuaciones
No has intentado esta prueba.